Zelda de A-Z - Statistiques

Statistiques générales
  • Ce quiz a été pris 815 fois
  • Le résultat moyen est 12 sur 26
Statistiques - réponses
Hint Réponse % Correct
A : Énorme plante pouvant parler Arbre Mojo
80%
M : Princesse du Crépuscule accompagnant Link durant toute sonaventure dans Twilight Princess Midona
77%
G : Créature Magique féminine qui peut améliorer nos capacités Grande Fée
74%
N : Petite créature bleue étant aux côtés de Link dans Ocarina of Time Navi
73%
U : Prodige Gérudo au don de la Foudre Urbosa
73%
B : Petit Piaf et fils de Téba Babil
70%
J : Grosse baleine Dieu Gardien du peulpe Zora Jabu-Jabu
69%
F : Déesse du Courage et Oracle des Secrets Farore
64%
X : Roi du Crépuscule Xanto
63%
R : Premier Roi d'Hyrule / Sage de la Lumière Rauru
60%
S : Kokiri et Sage de la Forêt Saria
57%
C : Monture ailé fidèle de Link dans Skyward Swords Célestrier
55%
T : Homme étant la réincarnation d'une fée, apparu pour la première fois dans Majara's Mask Tingle
50%
V : Prince du Mal et antagoniste principal de Minish Cap et FourSwords Vaati
50%
D : Boss faible aux Bombes Dodongo
47%
H : Princesse de Lorule Hilda
44%
P : Sheikah, Petite nièce de Pru'ha Pahya
36%
Y : Alter égo de Ganondorf du Royaume de Lorule Yuga
27%
I : Amie d'enfance de Link Iria
26%
Q : Gardiens de Termina et amis de Skull Kid Quatre Géants
18%
K : Prêtre Zora du village d'Euzero Klavieh
14%
L : Ancienne Sage de la Terre conférant sa tâche à une jeune piafde l'Île du Dragon Laruto
14%
W : Grenouille chanteur ayant débuté dans un jeu Mario Wart
11%
Z : Dieu du Vent de Wind Waker Zephos
9%
O : Reine des Zoras descendante d'une des Septs Sages Orlène
7%
E : Petit robot possédé par Ganon dans Hyrule Warriors : L'ère du Fléau Emprise
5%
Aucun quiz correspondant
Distribution des résultats
% des personnes avec chaque résultat
Percentile par nombre de réponses
Votre historique - résultats
Vous n’avez pas pris ce quiz